Les Empereurs du Nil /

Saved in:

Other Authors: Willems, Harco., Clarysse, Willy.

Format: Book

Language: French
Dutch

Published: Leuven : Peeters, c2000.

Subjects:

Tags: Add Tag

No Tags, Be the first to tag this record!

Call Number: DT58.9 .K4514 2000

LEADER 01020namaa2200289 4500
003 OSt
005 20260503124237.0
008 000717s2000 be ab bc 001 0 fre d
020 |a 9042908432 
040 |c ARCE Library 
041 1 |a fre  |h dut 
043 |a f-ua--- 
050 4 |a DT58.9 .K4514 2000 
240 0 0 |a Keizers aan de Nijl.  |l French 
245 1 4 |a Les Empereurs du Nil /   |c sous la rédaction de Harco Willems et Willy Clarysse ; traduit du néerlandais par René Preys. 
264 1 |a Leuven :   |b Peeters,   |c c2000. 
300 |a 345 pages :   |b illustrations, maps ;   |c 31 cm. 
500 |a Catalog of an exhibition held successively at four European museums. 
504 |a Includes bibliographical references and indexes. 
650 0 |a Art, Egyptian  |v Exhibitions. 
651 0 |a Egypt  |x Antiquities  |v Exhibitions. 
651 0 |a Egypt  |x Civilization  |y 332 B.C.-638 A.D.  |v Exhibitions. 
700 1 |a Willems, Harco.  |9 42221 
700 1 |a Clarysse, Willy.  |9 28099 
901 |a reviewed 
942 |c BK  |2 lcc 
999 |c 2266  |d 2266